Southville International School and Colleges
Your cart is empty.
  • Cart
  • Lists
    Public lists Eva Luna New books Lux_list list_1
    Your lists Log in to create your own lists
  • Log in to your account
  • Your cookies
  • Search history
Southville International School and Colleges
  • Advanced search
  • Recent comments
  • Most popular
  • Libraries

Log in to your account

Log in with GOOGLE


If you do not have an external account, but do have a local account, you can still log in:

  1. Home
  2. MARC view: This is my family /
Normal view MARC view ISBD view

This is my family / (Record no. 103625)

[ view plain ]
MARC details
000 -LEADER
fixed length control field 00466nam a2200169 a 4500
005 - DATE AND TIME OF LATEST TRANSACTION
control field 20140412111305.0
008 - FIXED-LENGTH DATA ELEMENTS--GENERAL INFORMATION
fixed length control field 010503s19uu xx 00 eng d
020 ## - INTERNATIONAL STANDARD BOOK NUMBER
International Standard Book Number 0-307-00137-7
050 ## - LIBRARY OF CONGRESS CALL NUMBER
Classification number TR(PS E
Item number Th32 1992
100 ## - MAIN ENTRY--PERSONAL NAME
Personal name Mayer, Gina
245 ## - TITLE STATEMENT
Title This is my family /
Statement of responsibility, etc by Gina and Mercer Mayer.
260 ## - PUBLICATION, DISTRIBUTION, ETC. (IMPRINT)
Place of publication, distribution, etc New York :
Name of publisher, distributor, etc Golden Books,
Date of publication, distribution, etc 1992.
300 ## - PHYSICAL DESCRIPTION
Extent 1v. (unp.) ; ill.
650 ## - SUBJECT ADDED ENTRY--TOPICAL TERM
Topical term or geographic name as entry element Families-Stories
650 ## - SUBJECT ADDED ENTRY--TOPICAL TERM
Topical term or geographic name as entry element Families-Fiction
Holdings
Withdrawn status Lost status Damaged status Home library Current library Shelving location Date acquired Source of acquisition Total Checkouts Full call number Barcode Date last seen Price effective from Koha item type
      Elizalde Library Elizalde Library Teachers Reference Section 05/03/2001     TR(PS E Th32 1992 E5620 04/12/2014 04/12/2014 Books

This is my family /

APA

Mayer G., . (1992). This is my family. New York: Golden Books.

Chicago

Mayer Gina, . 1992. This is my family. New York: Golden Books.

Harvard

Mayer G., . (1992). This is my family. New York: Golden Books.

MLA

Mayer Gina, . This is my family. New York: Golden Books. 1992.

  • Place hold
  • Print
  • Cite
  • Add to your cart (remove)
  • Save record
    BIBTEX Dublin Core MARCXML MARC (non-Unicode/MARC-8) MARC (Unicode/UTF-8) MARC (Unicode/UTF-8, Standard) MODS (XML) RIS
  • More searches
    Search for this title in:
    Other Libraries (WorldCat) Other Databases (Google Scholar) Online Stores (Bookfinder.com) Open Library (openlibrary.org)

Exporting to Dublin Core...

SOUTHVILLE LIBRARY

Southville International School and Colleges Library

1281 Tropical Ave. Cor. Luxembourg St., BF Homes International, Las Pinas City

Tel. No. 8256374 / 252358 Loc. 117/146

Powered by Koha